000 00343 a2200157 4500
001 59609
020 _a9783785557419
040 _cAnchieta - Pituba
100 _aMeyer, Kai
240 1 0 _aSeide und schwert
_lpor
245 1 0 _aSeide und schwert
300 _a406
362 0 _a2008
650 4 _aLiteratura juvenil em alemão
942 _cBK
999 _c59609
_d59609